000
00172 a2200097 4500
020
_a
987654321
041
_a
eng
100
_a
Tao. Nyeu
245
_a
Wonder bear
942
_c
BK
999
_c
7519
_d
7519